| 000 | 00698nam a22002657a 4500 | ||
|---|---|---|---|
| 001 | 7315 | ||
| 003 | FISKH | ||
| 005 | 20250709110011.0 | ||
| 008 | 250709b cb ||||| |||| 00| 0 eng d | ||
| 020 | _a9780590275354 | ||
| 040 |
_aFISKH _beng _cFISKH _dFISKH |
||
| 050 | _aTL759.5 | ||
| 082 | _a428.6 | ||
| 100 | _aLing, Bettina | ||
| 245 |
_aKites / _cby Bettina Ling |
||
| 260 |
_aNew York : _bScholastic, _c1994. |
||
| 300 |
_a16 pages : _bcolor illustrations ; _c24 cm |
||
| 505 | _aE | ||
| 520 | _aFlying kites show the colors of the rainbow. | ||
| 521 | 8 |
_a190
_bLexile |
|
| 521 | 8 |
_aE
_bRaz-Plus |
|
| 650 |
_aSeasons _vSpring |
||
| 942 |
_2ddc _cBK _n0 |
||
| 999 |
_c7315 _d7315 |
||